| 000 | 02666nam0a2200445 4500 | ||
|---|---|---|---|
| 001 | RU\NLR\BIBL_A\022658186 | ||
| 005 | 20260206165010.0 | ||
| 010 |
_a978-5-600-04709-9 _9300 |
||
| 021 |
_aRU _bКН-П-25-056872 _9КН-П-25-5482 |
||
| 035 | _a(NLR Aleph) 022658186 | ||
| 090 |
_a13547204 _c13547204 |
||
| 100 | _a20251031d2025 k y0rusy50 ca | ||
| 101 | 0 | _arus | |
| 102 | _aRU | ||
| 105 | _aa z 000yy | ||
| 181 | 0 |
_ai _b xxe |
|
| 182 | 0 | _an | |
| 200 | 1 |
_aМодели землетрясений и разрушения материалов с позиции фрактографии и роста контактных трещин _eсборник трудов _fВ. Н. Цвигун, Р. С. Койнов, С. В. Цвигун, А. С. Цвигун _gМинистерство науки и высшего образования Российской Федерации, Федеральное государственное бюджетное образовательное учреждение высшего образования "Сибирский государственный индустриальный университет" |
|
| 203 |
_aТекст _bвизуальный _cнепосредственный |
||
| 210 |
_aНовокузнецк _cИздательский центр СибГИУ _d2025 |
||
| 215 |
_a171 с. _cил. _d21 |
||
| 300 | _aАвт. указаны на обороте тит. с. | ||
| 300 | _aНа 4-й с. обл. 1-й авт.: В. Н. Цвигун, канд. техн. наук, доц. | ||
| 320 | _aБиблиогр. в конце отд. ст. | ||
| 606 | 1 |
_aГорные породы _jСборники _xТрещины _xОбразование _92495745 _3RU\NLR\AUTH\661480539 |
|
| 606 | 1 |
_aЗемлетрясения _jСборники _xМоделирование _91103000 _3RU\NLR\AUTH\66434646 |
|
| 606 | 1 |
_aМатериалы _jСборники _xРазрушение _91145128 _3RU\NLR\AUTH\66137924 |
|
| 686 | 1 | _aД217в605я43 | |
| 686 | 1 | _aД340.440.5я43 | |
| 686 | 1 | _aЖ306.22я43 | |
| 701 | 1 |
_aЦвигун _bВ. Н. _gВладимир Нестерович |
|
| 701 | 1 |
_aКойнов _bР. С. _gРоман Сергеевич |
|
| 701 | 1 |
_aЦвигун _bС. В. _gСергей Владимирович |
|
| 701 | 1 |
_aЦвигун _bА. С. _gАлександр Сергеевич |
|
| 712 | 0 | 2 |
_4475 _aСибирский государственный индустриальный университет _cНовокузнецк _9579978 _3RU\NLR\AUTH\8810040439 |
| 942 | _cBOOK | ||
| 980 | _aNB | ||